00788nam a2200205 a 450000100100000000500170001000800410002704000250006808200190009310000470011224501480015926000380030730000280034550000630037350000420043665000410047865000200051965000200053965000230055900001068120260212124324.0091009s1986 dr a 001 0 spa d aDO-SdBNPbspacBNPHU a616.951bP438e1 aPérez Martínez, Ramón Albertod1955-10aEnfermedades sexualmente transmitidas :bproblemas de salud pública enfoque clínico-epidemiológico /cRamón Alberto Pérez Martínez. aSanto Domingo :bCorripio,c1986. a217 p. :bil. ;c22 cm. aIncluye datos biográficos del autor en la contracubierta aIncluye notas al pie de las páginas 0aEnfermedades de transmisión sexual 0aEpidemiología 0aSalud pública 0aProblemas sociales